[Event "K41 Aabent Mesterskab 2008-09"]
[Site "Valby"]
[Date "2009.01.06"]
[Round "4"]
[White "Kristensen, Steffen Michael"]
[Black "Nielsen, Jimmy O"]
[Result "1/2-1/2"]
[WhiteElo "1164"]
[BlackElo "1767"]
[PlyCount "94"]
[EventDate "2008.??.??"]

1. c4 c5 2. Nc3 e6 3. g3 Nc6 4. Bg2 Nf6 5. Nf3 d5 6. cxd5 exd5 7. d4 cxd4 8.
Nxd4 Bb4 9. O-O Bxc3 10. bxc3 O-O 11. Ba3 Re8 12. Nb5 Ne4 13. Bxe4 dxe4 14.
Qxd8 Rxd8 15. Nd6 f5 16. Rfd1 g6 17. Rd2 b6 18. Rad1 Ba6 19. Bb4 Nxb4 20. cxb4
Rd7 21. b5 Bb7 22. Nxb7 Rxb7 23. a4 Rc7 24. e3 Re7 25. h4 Rc8 26. Kf1 Kf7 27.
Rd4 Rc2 28. R4d2 Rxd2 29. Rxd2 Ke6 30. Rc2 Rd7 31. Ke2 Ke7 32. Ke1 Ke6 33. Ke2
Kf7 34. Ke1 Ke8 35. Rc8+ Kf7 36. Rc2 Kf8 37. Rc8+ Ke7 38. Rc2 Kf7 39. Ke2 Kg8
40. Rc8+ Kg7 41. f4 exf3+ 42. Kxf3 h6 43. Rc4 Kf6 44. Rc6+ Kf7 45. Kf4 Re7 46.
Rc4 Kf6 47. Rc6+ Kf7 1/2-1/2

[Event "K41 Aabent Mesterskab 2008-09"]
[Site "Valby"]
[Date "2009.01.06"]
[Round "4"]
[White "Krogh, Soren"]
[Black "Jorgensen, Orla Eilegaard"]
[Result "1-0"]
[WhiteElo "1243"]
[BlackElo "1390"]
[PlyCount "67"]
[EventDate "2008.??.??"]

1. d4 Nf6 2. Bg5 g6 3. Bxf6 exf6 4. c4 Bg7 5. Nc3 d6 6. e4 O-O 7. Nf3 Re8 8.
Be2 Nd7 9. O-O c6 10. Rc1 Bh6 11. Rc2 Nb6 12. a4 a5 13. Qd3 Bg4 14. Ne1 Bxe2
15. Rxe2 Nd7 16. f4 Nb6 17. Nc2 d5 18. cxd5 cxd5 19. e5 fxe5 20. fxe5 Re6 21.
Qg3 Nc4 22. Nd1 Nd2 23. Qh3 Kg7 24. Rxf7+ Kxf7 25. Qxh6 Nc4 26. Qxh7+ Ke8 27.
Qxb7 Rb8 28. Qh7 Qb6 29. Re3 Re7 30. Qg8+ Kd7 31. Qxd5+ Nd6 32. exd6 Rh7 33.
Qe6+ Kc6 34. Rc3+ 1-0

[Event "K41 Aabent Mesterskab 2008-09"]
[Site "Valby"]
[Date "2009.01.06"]
[Round "4"]
[White "Krull, Carl"]
[Black "Nielsen, Soren Skovso"]
[Result "1-0"]
[WhiteElo "1467"]
[BlackElo "1556"]
[PlyCount "77"]
[EventDate "2008.??.??"]

1. e4 c5 2. Nf3 Nc6 3. d4 cxd4 4. Nxd4 d6 5. Nc3 a6 6. Bc4 Bd7 7. O-O Nf6 8. f4
Qb6 9. Be3 Ng4 10. Nd5 Qd8 11. Bc1 e5 12. Nf5 Nf6 13. Nc3 Bxf5 14. exf5 Qb6+
15. Kh1 Be7 16. Nd5 Nxd5 17. Qxd5 O-O 18. c3 Qc7 19. Rf3 Rac8 20. Bb3 Na5 21.
Bc2 Nc4 22. Rh3 Bf6 23. Qf3 Rce8 24. Qh5 h6 25. b3 e4 26. bxc4 Qxc4 27. Bd2 e3
28. Bxe3 Qxc3 29. Rf1 Rxe3 30. Rxe3 Qxe3 31. Bb3 b5 32. h3 Qe4 33. Qd1 Qxf5 34.
Qxd6 Rd8 35. Qc7 Qd3 36. Rd1 Qg3 37. Rxd8+ Bxd8 38. Qxf7+ Kh8 39. Qg8# 1-0

[Event "K41 Aabent Mesterskab 2008-09"]
[Site "Valby"]
[Date "2009.01.06"]
[Round "4"]
[White "Luedeking, John"]
[Black "Zmylon, Frederik Nielsen"]
[Result "1/2-1/2"]
[WhiteElo "1739"]
[BlackElo "1516"]
[PlyCount "62"]
[EventDate "2008.??.??"]

1. e4 c5 2. Nc3 Nc6 3. f4 d6 4. Bb5 Bd7 5. Nf3 a6 6. Bxc6 Bxc6 7. O-O e6 8. d4
Be7 9. f5 exf5 10. d5 Bd7 11. e5 dxe5 12. Nxe5 Bd6 13. Nc4 Qc7 14. Nxd6+ Qxd6
15. Bf4 Qb6 16. Re1+ Kf8 17. Qf3 Ne7 18. Qg3 Nc8 19. Re2 c4+ 20. Be3 Qf6 21.
Bc5+ Kg8 22. Rae1 h6 23. Qc7 b6 24. Qxd7 bxc5 25. Re8+ Kh7 26. Rxh8+ Kxh8 27.
Re8+ Kh7 28. Rxc8 Qd4+ 29. Kh1 Qf2 30. h3 Qf1+ 31. Kh2 Qf4+ 1/2-1/2

[Event "K41 Aabent Mesterskab 2008-09"]
[Site "Valby"]
[Date "2009.01.06"]
[Round "4"]
[White "Mollmann, Erik"]
[Black "Christiansen, Andreas Ryding Lund"]
[Result "1-0"]
[WhiteElo "1482"]
[BlackElo "1300"]
[PlyCount "47"]
[EventDate "2008.??.??"]

1. d4 d5 2. Bf4 Bf5 3. e3 Nf6 4. c4 c6 5. c5 b6 6. Nf3 bxc5 7. dxc5 Qa5+ 8. Nc3
Qxc5 9. Nd4 Ne4 10. Nxf5 Nxc3 11. Qb3 Nb5 12. Bxb5 Qxb5 13. Nd4 Qxb3 14. axb3
c5 15. Nb5 Kd7 16. Nc7 Nc6 17. Nxa8 e5 18. Bxe5 Nxe5 19. Rxa7+ Ke6 20. Nc7+ Kd6
21. Ne8+ Ke6 22. O-O g6 23. Nc7+ Kd6 24. Rd1 1-0

[Event "K41 Aabent Mesterskab 2008-09"]
[Site "Valby"]
[Date "2009.01.13"]
[Round "4"]
[White "Nielsen, Jorgen Holmstrom"]
[Black "Ryberg, Denis"]
[Result "1-0"]
[WhiteElo "1591"]
[BlackElo "1773"]
[PlyCount "45"]
[EventDate "2008.??.??"]

1. Nc3 c5 2. Nf3 Nc6 3. e3 g6 4. Bc4 Bg7 5. d4 cxd4 6. Nxd4 Nxd4 7. exd4 Qc7 8.
Bb3 e6 9. Be3 b6 10. Qd2 Bb7 11. f3 Ne7 12. Nb5 Qc6 13. Qb4 Nf5 14. Bf4 a6 15.
Nc7+ Kd8 16. Nxa8 Bxd4 17. O-O-O e5 18. Bg5+ f6 19. Bd2 b5 20. Qa5+ Kc8 21. Bc3
Be3+ 22. Kb1 Nd4 23. Nb6+ 1-0

[Event "K41 Aabent Mesterskab 2008-09"]
[Site "Valby"]
[Date "2009.01.06"]
[Round "4"]
[White "Olesen, Poul Erik"]
[Black "Ringsborg, Allan"]
[Result "0-1"]
[WhiteElo "1304"]
[BlackElo "1641"]
[PlyCount "54"]
[EventDate "2008.??.??"]

1. e4 e5 2. Nf3 Nf6 3. Nc3 Nc6 4. d4 exd4 5. Nxd4 Bb4 6. Nxc6 bxc6 7. Bd2 O-O
8. e5 Re8 9. f4 d6 10. a3 Ba5 11. Be2 dxe5 12. fxe5 Rxe5 13. O-O Bb6+ 14. Kh1
Qe7 15. Bf4 Rc5 16. h3 Be6 17. Qd2 Rd8 18. Bd3 Rh5 19. Rf3 Qd7 20. Bg5 Bxh3 21.
gxh3 Rxh3+ 22. Rxh3 Qxh3+ 23. Qh2 Qf3+ 24. Qg2 Qh5+ 25. Qh2 Qxg5 26. Rf1 Rd4
27. Rf5 Qh4 0-1

[Event "K41 Aabent Mesterskab 2008-09"]
[Site "Valby"]
[Date "2009.01.06"]
[Round "4"]
[White "Ottosen, Peder"]
[Black "Jorgensen, Rasmus"]
[Result "0-1"]
[WhiteElo "2050"]
[BlackElo "2036"]
[PlyCount "88"]
[EventDate "2008.??.??"]

1. d4 Nf6 2. c4 g6 3. Nc3 Bg7 4. Nf3 O-O 5. Bg5 d6 6. e3 Nbd7 7. Qc2 c6 8. Be2
Qc7 9. O-O e5 10. dxe5 Nxe5 11. Nd4 Re8 12. Rae1 a6 13. h3 Rb8 14. f4 Ned7 15.
f5 c5 16. fxg6 hxg6 17. Nd5 Nxd5 18. cxd5 Ne5 19. b4 b6 20. b5 axb5 21. Nxb5
Qd7 22. Nc3 b5 23. Ne4 f5 24. Ng3 Nf7 25. Bh4 Rxe3 26. Kh1 Be5 27. Bd3 Rxg3 28.
Bxg3 Bxg3 29. Re6 Ne5 30. Bxf5 Qb7 31. Rxg6+ Nxg6 32. Bxc8 Qg7 33. Be6+ Kh8 34.
Qd3 Nf4 35. Qe4 Re8 36. Qb1 b4 37. Bg4 Nxd5 38. Qf5 Nf6 39. Bf3 Re1 40. Rxe1
Bxe1 41. Qc8+ Kh7 42. Bd1 Bg3 43. Bc2+ Kh6 44. Kg1 Nd7 0-1

[Event "K41 Aabent Mesterskab 2008-09"]
[Site "Valby"]
[Date "2009.01.06"]
[Round "4"]
[White "Rasmussen, Morten(1956)"]
[Black "Pommerencke, Lars"]
[Result "1-0"]
[WhiteElo "1724"]
[BlackElo "1424"]
[PlyCount "61"]
[EventDate "2008.??.??"]

1. d4 Nf6 2. c4 e6 3. g3 d5 4. Bg2 c6 5. Qc2 Be7 6. Nf3 Nbd7 7. Nbd2 O-O 8. O-O
Qc7 9. e4 Nxe4 10. Nxe4 dxe4 11. Qxe4 Nf6 12. Qe2 Bd7 13. Ne5 Rfd8 14. Bd2 Be8
15. Bc3 Rac8 16. Rad1 c5 17. b3 cxd4 18. Bxd4 b5 19. cxb5 Qc2 20. Rd2 Qc7 21.
a4 Bc5 22. Bxc5 Rxd2 23. Qxd2 Qxc5 24. Nc6 Bxc6 25. Rc1 Qe7 26. Rxc6 Rd8 27.
Qc2 Nd5 28. Qc5 Kf8 29. Bxd5 Rxd5 30. Rc8+ Rd8 31. Rxd8# 1-0

[Event "K41 Aabent Mesterskab 2008-09"]
[Site "Valby"]
[Date "2009.01.06"]
[Round "4"]
[White "Sorensen, Dick"]
[Black "Eiholt, Bjarne"]
[Result "1/2-1/2"]
[WhiteElo "1873"]
[BlackElo "1578"]
[PlyCount "69"]
[EventDate "2008.??.??"]

1. d4 d5 2. Nf3 Nf6 3. c4 e6 4. Bg5 Be7 5. e3 c6 6. Nc3 O-O 7. Qc2 Nbd7 8. cxd5
exd5 9. Bd3 h6 10. Bh4 Re8 11. O-O Bd6 12. e4 dxe4 13. Nxe4 Be7 14. Rfe1 Nxe4
15. Bxe7 Rxe7 16. Bxe4 Nf6 17. Bd3 Be6 18. a3 Qd6 19. b4 Rae8 20. Qd2 Bd5 21.
Ne5 Nd7 22. f4 f6 23. Ng6 Rxe1+ 24. Rxe1 Rxe1+ 25. Qxe1 Be6 26. Qe3 Nb6 27. Nh4
Nd5 28. Qe4 Kf8 29. Nf3 Nxf4 30. Bc2 Bd5 31. Qe3 Bxf3 32. gxf3 Nh3+ 33. Kg2
Nf4+ 34. Kg1 Nh3+ 35. Kh1 1/2-1/2

[Event "K41 Aabent Mesterskab 2008-09"]
[Site "Valby"]
[Date "2009.01.06"]
[Round "4"]
[White "Sorensen, Hans Erik Then"]
[Black "Dyremose, Morten Sigvart"]
[Result "1-0"]
[WhiteElo "1308"]
[BlackElo "1123"]
[PlyCount "35"]
[EventDate "2008.??.??"]

1. d4 d5 2. c4 dxc4 3. Nc3 e6 4. e4 Bb4 5. Bxc4 Nf6 6. Bg5 Be7 7. Nf3 Nc6 8. a3
h6 9. Be3 Ng4 10. O-O O-O 11. Qc2 e5 12. Rad1 Bf6 13. dxe5 Nxe3 14. fxe3 Qe8
15. exf6 gxf6 16. Nd5 Qd8 17. Qf2 Kh8 18. Nh4 1-0

[Event "K41 Aabent Mesterskab 2008-09"]
[Site "Valby"]
[Date "2009.01.20"]
[Round "5"]
[White "Christensen, Aage Niels"]
[Black "Hansen, Peter Steen"]
[Result "1/2-1/2"]
[WhiteElo "1463"]
[BlackElo "1124"]
[PlyCount "81"]
[EventDate "2008.??.??"]

1. d4 Nf6 2. Bg5 e6 3. e4 Be7 4. Bd3 O-O 5. Nf3 Nc6 6. c3 d6 7. O-O a6 8. Nbd2
b5 9. Re1 Re8 10. Nf1 Rb8 11. Ng3 g6 12. h3 Nh5 13. Bxe7 Qxe7 14. Nxh5 gxh5 15.
Qd2 Kh8 16. e5 f6 17. Qh6 Qg7 18. Qxf6 Rg8 19. Re4 Bb7 20. Rh4 Rbf8 21. Qxg7+
Rxg7 22. Kh2 Rfg8 23. Rg1 Ne7 24. Be4 Bxe4 25. Rxe4 d5 26. Rf4 Ng6 27. Rf6 a5
28. Ng5 Rf8 29. Nxe6 Rxf6 30. exf6 Rf7 31. Kg3 c6 32. Re1 Rxf6 33. f3 h4+ 34.
Kf2 Kg8 35. Nc5 Nf4 36. g4 Nxh3+ 37. Kg2 Nf4+ 38. Kh2 Rh6 39. Re5 h3 40. Re7
Ng2 41. Re6 1/2-1/2

[Event "K41 Aabent Mesterskab 2008-09"]
[Site "Valby"]
[Date "2009.01.20"]
[Round "5"]
[White "Eiholt, Bjarne"]
[Black "Rasmussen, Morten(1956)"]
[Result "1-0"]
[WhiteElo "1578"]
[BlackElo "1724"]
[PlyCount "53"]
[EventDate "2008.??.??"]

1. d4 Nf6 2. c4 g6 3. Nc3 d5 4. Bf4 dxc4 5. e3 Bg7 6. Bxc4 O-O 7. Nf3 a6 8. a4
c5 9. dxc5 Qa5 10. O-O Qxc5 11. Qe2 Nc6 12. Rac1 h6 13. Rfd1 e5 14. Bg3 Nh5 15.
Ne4 Qb4 16. Bh4 Kh7 17. b3 f5 18. Nc5 Nf6 19. Ne6 Bxe6 20. Bxe6 Rae8 21. Bc4 g5
22. Bxg5 hxg5 23. Nxg5+ Kg6 24. h4 Na5 25. Be6 Qxh4 26. Nf3 Qg4 27. Nxe5+ 1-0

[Event "K41 Aabent Mesterskab 2008-09"]
[Site "Valby"]
[Date "2009.01.20"]
[Round "5"]
[White "Hou, Mads"]
[Black "Olesen, Poul Erik"]
[Result "1-0"]
[WhiteElo "1477"]
[BlackElo "1304"]
[PlyCount "51"]
[EventDate "2008.??.??"]

1. e4 e5 2. Nf3 Nc6 3. Bc4 Bc5 4. b4 Bxb4 5. c3 Be7 6. d4 exd4 7. cxd4 Bb4+ 8.
Nbd2 Qe7 9. O-O d6 10. d5 Ne5 11. Qa4+ c6 12. Qxb4 Nxf3+ 13. Nxf3 Nf6 14. Bg5
Bg4 15. e5 dxe5 16. Qxe7+ Kxe7 17. Nxe5 cxd5 18. Bb3 Be6 19. f4 h6 20. Bh4 Kd6
21. f5 Kxe5 22. Bg3+ Kd4 23. fxe6 fxe6 24. Bd6 Rad8 25. Rad1+ Ke3 26. Rfe1# 1-0

[Event "K41 Aabent Mesterskab 2008-09"]
[Site "Valby"]
[Date "2009.01.20"]
[Round "5"]
[White "Jorgensen, Kasper Moller"]
[Black "Gjedde, Thomas"]
[Result "1-0"]
[WhiteElo "1932"]
[BlackElo "1966"]
[PlyCount "119"]
[EventDate "2008.??.??"]

1. e4 e5 2. Nf3 Nc6 3. Bb5 a6 4. Ba4 Nf6 5. Qe2 b5 6. Bb3 Be7 7. O-O O-O 8. c3
d6 9. Rd1 Re8 10. d3 Na5 11. Bc2 c5 12. d4 cxd4 13. cxd4 Qc7 14. d5 h6 15. a4
b4 16. b3 Bg4 17. Ra2 Nh7 18. Be3 Bg5 19. Nbd2 Bxe3 20. Qxe3 Ng5 21. Bd3 Nb7
22. Rc2 Nc5 23. Be2 Nxf3+ 24. gxf3 Bh5 25. Nc4 f5 26. Nxd6 Qxd6 27. Rxc5 f4 28.
Qc1 Qf6 29. d6 Qg5+ 30. Kh1 Qh4 31. d7 Red8 32. Rc8 Qxf2 33. Rxa8 Bxf3+ 34.
Bxf3 Qxf3+ 35. Kg1 Qg4+ 36. Kf2 Qh4+ 37. Ke2 Qxh2+ 38. Kd3 Qh3+ 39. Kc4 Qe6+
40. Kxb4 Qb6+ 41. Ka3 Rxa8 42. Qc8+ Qd8 43. Qxa8 Qxa8 44. d8=Q+ Qxd8 45. Rxd8+
Kf7 46. b4 g5 47. b5 axb5 48. axb5 f3 49. b6 g4 50. b7 g3 51. b8=Q f2 52. Rd6
f1=Q 53. Qc7+ Kg8 54. Rg6+ Kf8 55. Qd8+ Kf7 56. Qg8+ Ke7 57. Re6+ Kd7 58. Qe8+
Kc7 59. Rc6+ Kb7 60. Qd7+ 1-0

[Event "K41 Aabent Mesterskab 2008-09"]
[Site "Valby"]
[Date "2009.01.20"]
[Round "5"]
[White "Jorgensen, Orla Eilegaard"]
[Black "Christiansen, Andreas Ryding Lund"]
[Result "1-0"]
[WhiteElo "1390"]
[BlackElo "1300"]
[PlyCount "47"]
[EventDate "2008.??.??"]

1. f4 d5 2. Nf3 Bg4 3. e3 Nc6 4. b3 e6 5. Bb2 Nf6 6. Bb5 Bd6 7. Nc3 Qe7 8. d3
Ba3 9. Bxa3 Qxa3 10. O-O Qc5 11. Qd2 O-O-O 12. a4 Bxf3 13. Rxf3 d4 14. Nd1 dxe3
15. Nxe3 Nd4 16. Rff1 Ng4 17. b4 Qh5 18. h3 Nxe3 19. Qxe3 Nxc2 20. Qxa7 c6 21.
Bxc6 bxc6 22. Rac1 Nxb4 23. Rb1 c5 24. Rxb4 1-0

[Event "K41 Aabent Mesterskab 2008-09"]
[Site "Valby"]
[Date "2009.01.20"]
[Round "5"]
[White "Jorgensen, Rasmus"]
[Black "Abildgaard, Kenneth"]
[Result "1-0"]
[WhiteElo "2036"]
[BlackElo "1796"]
[PlyCount "69"]
[EventDate "2008.??.??"]

1. e4 c6 2. d4 d5 3. e5 Bf5 4. h4 Nd7 5. g4 Be6 6. f4 f5 7. Bd3 Nh6 8. Nf3 fxg4
9. Ng5 Bg8 10. f5 Qa5+ 11. Bd2 Qb6 12. Ne6 Qxb2 13. Nc7+ Kd8 14. Bc3 Qxa1 15.
Bxa1 Kxc7 16. e6 Nf6 17. Qe2 Rd8 18. Bc3 g6 19. Qe5+ Kc8 20. Ba5 Rd6 21. Bb4
Rd8 22. Nc3 Nxf5 23. Bxf5 gxf5 24. O-O Bg7 25. Qxf5 Re8 26. Qg5 Bf8 27. Bc5 b6
28. Rb1 Bxe6 29. Qe5 Kd7 30. Bxb6 axb6 31. Rxb6 Rc8 32. Rb7+ Kd8 33. Qxe6 h5
34. Na4 Rh7 35. Nb6 1-0

[Event "K41 Aabent Mesterskab 2008-09"]
[Site "Valby"]
[Date "2009.01.20"]
[Round "5"]
[White "Krull, Carl"]
[Black "Karup, Jesper"]
[Result "0-1"]
[WhiteElo "1467"]
[BlackElo "1638"]
[PlyCount "100"]
[EventDate "2008.??.??"]

1. e4 e6 2. d4 d5 3. exd5 exd5 4. Nc3 c6 5. Nf3 Bd6 6. Bd3 Bg4 7. h3 Bh5 8. Bd2
Qb6 9. Qe2+ Ne7 10. Na4 Bxf3 11. Qxe7+ Kxe7 12. Nxb6 Bxg2 13. Rg1 axb6 14. Rxg2
g6 15. a3 c5 16. dxc5 bxc5 17. O-O-O Nc6 18. Re1+ Kd7 19. Bb5 Rhe8 20. Rgg1 Kc7
21. Rxe8 Rxe8 22. Kd1 Re6 23. Bxc6 Kxc6 24. Re1 Rxe1+ 25. Kxe1 c4 26. a4 Be5
27. Bc1 Kc5 28. Ke2 Kb4 29. f4 Bf6 30. Kf3 Kxa4 31. Ke3 Kb5 32. Kf3 Kc5 33.
Be3+ d4 34. Bf2 Kd5 35. h4 h5 36. Bg3 b5 37. Be1 d3 38. c3 Ke6 39. Kg3 Kf5 40.
Bd2 Ke4 41. Bc1 Be7 42. Bd2 Bc5 43. f5 gxf5 44. b3 Be3 45. bxc4 bxc4 46. Be1 d2
47. Bf2 Bxf2+ 48. Kxf2 d1=Q 49. Kg2 Qf3+ 50. Kh2 Qg4 0-1

[Event "K41 Aabent Mesterskab 2008-09"]
[Site "Valby"]
[Date "2009.01.20"]
[Round "5"]
[White "Nielsen, Frode Benedikt"]
[Black "Christensen, Esben"]
[Result "1-0"]
[WhiteElo "1973"]
[BlackElo "1990"]
[PlyCount "97"]
[EventDate "2008.??.??"]

1. c4 Nf6 2. Nc3 g6 3. g3 Bg7 4. Bg2 O-O 5. e3 d6 6. Nge2 c6 7. O-O Qc7 8. b4
e5 9. d4 Re8 10. Bb2 Nbd7 11. Rc1 Nf8 12. d5 a6 13. dxc6 bxc6 14. b5 Bb7 15.
Ba3 Red8 16. bxc6 Bxc6 17. Nd5 Bxd5 18. cxd5 Qa5 19. Qd3 Ne8 20. Rc6 Nd7 21.
Rb1 Rab8 22. Rxb8 Nxb8 23. Rc4 Nd7 24. Qc3 Qb5 25. Qb3 Qxb3 26. axb3 Bf8 27.
Rc6 Rb8 28. Nc1 Rb6 29. Rc8 Rb8 30. Rc6 Rb6 31. Bh3 Nef6 32. Bxd7 Nxd7 33. Kf1
Rb5 34. e4 Nb8 35. Rc8 Kg7 36. Ke2 Be7 37. Kd3 h5 38. Rc7 Kf8 39. Kc4 Ke8 40.
Nd3 Rb6 41. Ra7 Bg5 42. f4 exf4 43. gxf4 Bh4 44. e5 dxe5 45. Nxe5 Bf6 46. Nxf7
Nd7 47. Nd6+ Kd8 48. Ra8+ Kc7 49. Rc8# 1-0

[Event "K41 Aabent Mesterskab 2008-09"]
[Site "Valby"]
[Date "2009.01.20"]
[Round "5"]
[White "Nielsen, Jais Norgaard"]
[Black "Nielsen, Jorgen Holmstrom"]
[Result "0-1"]
[WhiteElo "1625"]
[BlackElo "1591"]
[PlyCount "84"]
[EventDate "2008.??.??"]

1. e4 Nf6 2. Nc3 d5 3. e5 Ne4 4. Nxe4 dxe4 5. Bc4 Qd4 6. Qe2 Nc6 7. f4 exf3 8.
Nxf3 Qb6 9. c3 e6 10. d4 Bd7 11. Be3 Na5 12. Bd3 c5 13. dxc5 Bxc5 14. Nd4 Nc6
15. O-O O-O-O 16. Rfc1 Kb8 17. Nxc6+ Bxc6 18. Bxc5 Qxc5+ 19. Kh1 Rd5 20. b4 Qe7
21. Bc4 Rd7 22. b5 Bd5 23. Bd3 Rhd8 24. Rd1 Qg5 25. Bc2 b6 26. a4 Bb7 27. Rxd7
Rxd7 28. Rd1 Rxd1+ 29. Bxd1 Qc1 30. Qf1 Qe3 31. h3 Qxh3+ 32. Kg1 Qe3+ 33. Qf2
Qxc3 34. Qxf7 Qd4+ 35. Kh2 Qxe5+ 36. Kh3 Qf5+ 37. Qxf5 exf5 38. Bc2 Be4 39.
Bxe4 fxe4 40. Kg3 Kc7 41. Kf4 Kd6 42. Kxe4 Kc5 0-1

[Event "K41 Aabent Mesterskab 2008-09"]
[Site "Valby"]
[Date "2009.01.20"]
[Round "5"]
[White "Nielsen, Jimmy O"]
[Black "Krogh, Soren"]
[Result "1-0"]
[WhiteElo "1767"]
[BlackElo "1243"]
[PlyCount "37"]
[EventDate "2008.??.??"]

1. d4 d5 2. c4 c6 3. e3 Nf6 4. Nc3 Bf5 5. Nge2 e6 6. Ng3 Bg6 7. Be2 Bd6 8. f4
Qd7 9. O-O Na6 10. cxd5 O-O-O 11. Bxa6 bxa6 12. dxc6 Qxc6 13. Bd2 h5 14. Rc1
Kb8 15. Nce4 Qb6 16. Rc3 Ka8 17. Rb3 Qc7 18. Nxf6 gxf6 19. Qf3+ 1-0

[Event "K41 Aabent Mesterskab 2008-09"]
[Site "Valby"]
[Date "2009.01.20"]
[Round "5"]
[White "Nielsen, Lars Emil Woetmann"]
[Black "Luedeking, John"]
[Result "1-0"]
[WhiteElo "1241"]
[BlackElo "1739"]
[PlyCount "127"]
[EventDate "2008.??.??"]

1. e4 c5 2. Nc3 g6 3. f4 Bg7 4. Nf3 d6 5. Bc4 Nc6 6. O-O e6 7. Ne2 Nge7 8. c3
a6 9. d4 b5 10. Bb3 O-O 11. Be3 cxd4 12. cxd4 Bb7 13. Rb1 Na5 14. Ng3 Nxb3 15.
Qxb3 Nc6 16. Qd3 f5 17. Qb3 Qe8 18. e5 dxe5 19. dxe5 Na5 20. Qd3 Rd8 21. Qe2
Nc4 22. Bc5 Rf7 23. Rbd1 Rfd7 24. b3 Rd5 25. Rxd5 Rxd5 26. Bb4 Nb6 27. Qe3 Nc8
28. Rc1 Qd7 29. Ba5 Rd1+ 30. Kf2 Rxc1 31. Qxc1 h6 32. Qe3 Bf8 33. h4 Bxf3 34.
gxf3 Be7 35. h5 Qc6 36. Qd2 Bh4 37. hxg6 Qe8 38. Kg2 Qxg6 39. Qf2 Ne7 40. Be1
Nd5 41. Qd4 h5 42. Kh3 Be7 43. Ne2 h4 44. Qa7 Qh5 45. Qf2 Kf7 46. Bd2 Bd8 47.
a4 Bb6 48. Qg2 b4 49. Nc1 Bd4 50. Nd3 Bc3 51. Bxc3 bxc3 52. b4 c2 53. Qxc2
Qxf3+ 54. Kh2 Qg3+ 55. Kh1 Qh3+ 56. Kg1 Ne3 57. Qf2 Qg4+ 58. Kh2 h3 59. b5 Nd1
60. Qf1 Ne3 61. Qg1 Qe2+ 62. Nf2 Ng4+ 63. Kxh3 Nxf2+ 64. Kh4 1-0

[Event "K41 Aabent Mesterskab 2008-09"]
[Site "Valby"]
[Date "2009.01.20"]
[Round "5"]
[White "Nielsen, Soren Skovso"]
[Black "Ottosen, Peder"]
[Result "0-1"]
[WhiteElo "1556"]
[BlackElo "2050"]
[PlyCount "58"]
[EventDate "2008.??.??"]

1. Nf3 d5 2. e3 Nf6 3. Be2 e6 4. b3 b6 5. Bb2 Bb7 6. d3 Nbd7 7. Nbd2 Bd6 8. O-O
O-O 9. d4 c5 10. c4 Rc8 11. Ne5 Qc7 12. Ndf3 Ne4 13. Nxd7 Qxd7 14. Ne5 Qe7 15.
Bd3 f6 16. Nf3 Qf7 17. Ne1 cxd4 18. Bxe4 dxe4 19. Bxd4 Rcd8 20. Qe2 e5 21. Bb2
f5 22. g3 f4 23. exf4 exf4 24. Nc2 Qg6 25. Rfd1 e3 26. Rxd6 Qxd6 27. Ba3 Qc6
28. f3 Rd2 29. Nb4 Qh6 0-1

[Event "K41 Aabent Mesterskab 2008-09"]
[Site "Valby"]
[Date "2009.01.20"]
[Round "5"]
[White "Pommerencke, Lars"]
[Black "Kristensen, Steffen Michael"]
[Result "1-0"]
[WhiteElo "1424"]
[BlackElo "1164"]
[PlyCount "43"]
[EventDate "2008.??.??"]

1. d4 g6 2. e4 d6 3. Nf3 Nf6 4. Bd3 Nc6 5. a3 Bg4 6. Be3 Bg7 7. Nbd2 O-O 8. h3
Bxf3 9. Qxf3 e5 10. d5 Nd4 11. Qd1 a6 12. c3 Nb5 13. a4 Na7 14. O-O c5 15. b4
cxb4 16. cxb4 Nh5 17. g3 Qc8 18. Kh2 f5 19. Rc1 Qd7 20. exf5 gxf5 21. Qxh5 e4
22. Nxe4 1-0

[Event "K41 Aabent Mesterskab 2008-09"]
[Site "Valby"]
[Date "2009.01.20"]
[Round "5"]
[White "Ryberg, Denis"]
[Black "Dyremose, Flemming"]
[Result "1-0"]
[WhiteElo "1773"]
[BlackElo "1459"]
[PlyCount "63"]
[EventDate "2008.??.??"]

1. e4 c5 2. Nc3 d6 3. g3 Nc6 4. Bg2 e6 5. d3 a6 6. Be3 Be7 7. Nge2 Nf6 8. Qd2
Bd7 9. O-O O-O 10. f4 Ng4 11. Nd1 Qb6 12. c3 Rad8 13. h3 Nxe3 14. Nxe3 Qa7 15.
Kh1 b5 16. g4 Qc7 17. f5 Bg5 18. Nf4 Ne7 19. Qf2 Bc6 20. Ne2 Bxe3 21. Qxe3 exf5
22. gxf5 f6 23. Nf4 Bd7 24. Rf3 g5 25. fxg6 hxg6 26. Rg3 Kf7 27. Rf1 Rde8 28.
Qf3 f5 29. exf5 Bxf5 30. Nxg6 Rg8 31. Nxe7 Rxg3 32. Qxg3 1-0

[Event "K41 Aabent Mesterskab 2008-09"]
[Site "Valby"]
[Date "2009.01.20"]
[Round "5"]
[White "Truelsen, Ole Illum"]
[Black "Mollmann, Erik"]
[Result "1-0"]
[WhiteElo "1802"]
[BlackElo "1482"]
[PlyCount "69"]
[EventDate "2008.??.??"]

1. c4 Nc6 2. Nc3 e5 3. g3 Bc5 4. Bg2 Nf6 5. e3 O-O 6. Nge2 d6 7. O-O Bf5 8. d4
Bb6 9. a3 e4 10. b4 a5 11. b5 Ne7 12. Qc2 d5 13. cxd5 Nexd5 14. Nxe4 Re8 15.
Nxf6+ Qxf6 16. Qb3 Bg4 17. f3 Be6 18. Qd3 c5 19. bxc6 bxc6 20. Rb1 Ba7 21. Bd2
Nb6 22. Rfc1 c5 23. dxc5 Rad8 24. Nd4 Bf5 25. Qxf5 Qxf5 26. Nxf5 Rxd2 27. cxb6
Bb8 28. b7 g6 29. Rc8 Rdd8 30. Ne7+ Kg7 31. Rxd8 Rxd8 32. Nc6 Re8 33. Nxb8 Rxb8
34. f4 f5 35. Rc1 1-0

[Event "K41 Aabent Mesterskab 2008-09"]
[Site "Valby"]
[Date "2009.01.20"]
[Round "5"]
[White "Wadtland, Flemming"]
[Black "Gjelstrup, Ole"]
[Result "0-1"]
[WhiteElo "1232"]
[BlackElo "1331"]
[PlyCount "132"]
[EventDate "2008.??.??"]

1. Nf3 d5 2. c4 e6 3. cxd5 exd5 4. e3 Nf6 5. Be2 Bd6 6. b3 Bf5 7. Bb2 Nbd7 8.
d3 c6 9. O-O Qc7 10. h3 Ne5 11. Na3 O-O 12. Nh4 Be6 13. f4 Ng6 14. Qe1 Nxh4 15.
Qxh4 Qe7 16. Bxf6 Qxf6 17. Qxf6 gxf6 18. Nc2 Rfe8 19. f5 Bd7 20. Rf3 Re5 21. g4
Kh8 22. b4 Rg8 23. d4 Re7 24. Kf2 Ra8 25. Bd3 a5 26. bxa5 Rxa5 27. Ke2 Bc8 28.
Rff1 b5 29. Rfb1 Ba6 30. Nb4 Bb7 31. Nc2 Ba6 32. Rb3 Rc7 33. a3 Kg8 34. Rab1
Kf8 35. Nb4 Ke8 36. Rc1 Kd7 37. Rbc3 Bb7 38. Kd2 Ra4 39. Kc2 Bxb4 40. axb4 Rxb4
41. Rb1 Ra4 42. Rc5 Ba6 43. Kb3 Ra7 44. Rb2 Bb7 45. Kc2 Ra2 46. Rxa2 Rxa2+ 47.
Kd1 Rh2 48. e4 dxe4 49. Bxe4 Rxh3 50. Ke2 b4 51. Bf3 Ba6+ 52. Kf2 Bb5 53. Rc1
b3 54. Kg2 Rxf3 55. Kxf3 Bd3 56. Kg3 b2 57. Re1 b1=Q 58. Rxb1 Bxb1 59. Kh4 Kd6
60. Kh5 Kd5 61. Kh6 Kxd4 62. Kxh7 c5 63. Kg7 c4 64. Kxf7 c3 65. Kxf6 c2 66. Kg6
c1=Q 0-1

[Event "K41 Aabent Mesterskab 2008-09"]
[Site "Valby"]
[Date "2009.01.20"]
[Round "5"]
[White "Zmylon, Frederik Nielsen"]
[Black "Sorensen, Dick"]
[Result "0-1"]
[WhiteElo "1516"]
[BlackElo "1873"]
[PlyCount "70"]
[EventDate "2008.??.??"]

1. e4 g6 2. Nf3 Bg7 3. Bc4 e6 4. Nc3 Ne7 5. O-O d5 6. exd5 exd5 7. Bb3 O-O 8.
d4 h6 9. Be3 c6 10. Qd2 Kh7 11. Ne2 Nd7 12. Rad1 Nf6 13. Ng3 Bg4 14. Qe2 Ne4
15. Nxe4 dxe4 16. Ng5+ hxg5 17. Qxg4 Nf5 18. Bxg5 Bf6 19. Qh3+ Kg7 20. Bxf6+
Qxf6 21. c3 Rh8 22. Qg4 Rh4 23. Qe2 Rxh2 24. g3 Nxg3 25. Qg4 Rh1+ 26. Kg2 Rxf1
27. Rxf1 Nxf1 28. Kxf1 e3 29. f3 Re8 30. Ke2 Qd6 31. Qg2 Qf4 32. Qg1 f5 33. Bd1
c5 34. Kd3 e2 35. Bxe2 c4+ 0-1

[Event "K41 Aabent Mesterskab 2008-09"]
[Site "Valby"]
[Date "2009.02.03"]
[Round "6"]
[White "Dyremose, Flemming"]
[Black "Luedeking, John"]
[Result "0-1"]
[WhiteElo "1459"]
[BlackElo "1739"]
[PlyCount "42"]
[EventDate "2008.??.??"]

1. d4 Nf6 2. c4 c5 3. d5 b5 4. b3 Qb6 5. e3 bxc4 6. bxc4 Na6 7. Nd2 e6 8. Nb3
Nc7 9. dxe6 fxe6 10. Be2 Bb7 11. Nf3 Be7 12. O-O O-O 13. Bb2 Rad8 14. Bc3 d5
15. Nbd2 d4 16. Rb1 dxc3 17. Rxb6 axb6 18. Qb3 cxd2 19. Qxb6 Bxf3 20. Bxf3 Nfe8
21. a4 Rxf3 0-1